E85(小田原厚木道路)のIC - Statistics

General Stats
  • This quiz has been taken 49 times
  • The average score is 9 of 10
Answer Stats
小田原厚木道路 % Correct
IC 厚木
100%
PA 小田原
98%
IC 二宮
95%
IC/PA 大磯
93%
IC/PA 平塚
85%
IC 小田原東
83%
IC 伊勢原
83%
IC 小田原西
78%
IC 厚木西
76%
IC 荻窪
61%
No matching quizzes found
Score Distribution
Percent of People with Each Score
Percentile by Number Answered
Your Score History
You have not taken this quiz